Sistemas de planificación y control de la fabricación (Registro nro. 2694)
[ vista simple ]
| 000 -LEADER | |
|---|---|
| fixed length control field | 01700 a2200265 4500 |
| 001 - CONTROL NUMBER | |
| control field | 36959 |
| 005 - DATE AND TIME OF LATEST TRANSACTION | |
| control field | 20260407155641.0 |
| 008 - FIXED-LENGTH DATA ELEMENTS--GENERAL INFORMATION | |
| fixed length control field | 260407a1995 arg spa d |
| 003 - CONTROL NUMBER IDENTIFIER | |
| control field | AR-UNSa-BCEJYS |
| 040 ## - CATALOGING SOURCE | |
| Original cataloging agency | AR-UNSa-BCEJYS |
| Language of cataloging | spa |
| Transcribing agency | AR-UNSa-BCEJYS |
| 080 ## - UNIVERSAL DECIMAL CLASSIFICATION NUMBER | |
| Universal Decimal Classification number | 658.5 |
| Common auxiliary subdivision | Planificación y control de la producción<br/> |
| 020 ## - INTERNATIONAL STANDARD BOOK NUMBER | |
| International Standard Book Number | 84-8086-195-9 |
| 100 1# - MAIN ENTRY--PERSONAL NAME | |
| Personal name | Vollmann, Thomas E. |
| 245 10 - TITLE STATEMENT | |
| Title | Sistemas de planificación y control de la fabricación |
| 250 ## - EDITION STATEMENT | |
| Edition statement | 3a. ed |
| 264 #1 - PRODUCTION, PUBLICATION, DISTRIBUTION, MANUFACTURE, AND COPYRIGHT NOTICE | |
| Place of production, publication, distribution, manufacture | Barcelona : |
| Name of producer, publisher, distributor, manufacturer | Irwin |
| Date of production, publication, distribution, manufacture, or copyright notice | 1995 |
| 300 ## - PHYSICAL DESCRIPTION | |
| Extent | 867 p. |
| Dimensions | 25 cm. |
| 505 ## - FORMATTED CONTENTS NOTE | |
| Formatted contents note | 1. Planificación y control de la fabricación - 2. Planificación de requerimientos de materiales - 3. Justo a tiempo - 4. Planificación de capacidad - 5. Control de la actividad de producción - 6. El programa maestro de producción - 7. Planificación de la producción - 8. Administración de la demanda - 9. Sistemas MPC integrados - 10. Puesta en marcha de los sistemas MPC - 11. Conceptos avanzados en planificación de requerimientos de materiales - 12. Conceptos avanzados en justo a tiempo - 13. Conceptos avanzados en programación - 14. Conceptos avanzados en el programa maestro de producción - 15. Conceptos avanzados en planificación de la producción - 16. Sistema de pronóstico a corto plazo - 17. Administración del inventario en artículos con demanda independiente - 18. Planificación de requerimientos de distribución - 19. Límites del sistema MPC. |
| 590 ## - LOCAL NOTE (RLIN) | |
| Local note | niveau_biblio:m niveau_hierar:0 |
| 700 1# - ADDED ENTRY--PERSONAL NAME | |
| Personal name | Berry, William L. |
| 700 1# - ADDED ENTRY--PERSONAL NAME | |
| Personal name | Cornejo Reyes, Sergio S. |
| 700 1# - ADDED ENTRY--PERSONAL NAME | |
| Personal name | Whybark, D.Clay |
| 856 41 - ELECTRONIC LOCATION AND ACCESS | |
| Uniform Resource Identifier | <a href="https://170.210.207.44/pmb/images/libros/L65286.jpg">https://170.210.207.44/pmb/images/libros/L65286.jpg</a> |
| Link text | Imagen de portada |
| Electronic format type | image/jpeg |
| 942 ## - ADDED ENTRY ELEMENTS (KOHA) | |
| Koha item type | |
| Withdrawn status | Lost status | Damaged status | Not for loan | Home library | Current library | Shelving location | Date acquired | Total checkouts | Full call number | Barcode | Date last seen | Price effective from | Koha item type |
|---|---|---|---|---|---|---|---|---|---|---|---|---|---|
| Biblioteca Prof. Eusebio Cleto del Rey | Biblioteca Prof. Eusebio Cleto del Rey | 07/04/2026 | 658.5 V924 3ed. | L65286 | 07/04/2026 | 07/04/2026 | Libro | ||||||
| Biblioteca Prof. Eusebio Cleto del Rey | Biblioteca Prof. Eusebio Cleto del Rey | 07/04/2026 | 658.5 V924 3ed. | L85436 | 07/04/2026 | 07/04/2026 | Libro | ||||||
| Biblioteca Prof. Eusebio Cleto del Rey | Biblioteca Prof. Eusebio Cleto del Rey | 07/04/2026 | 658.5 V924 3ed. | L65287 | 07/04/2026 | 07/04/2026 | Libro | ||||||
| Biblioteca Prof. Eusebio Cleto del Rey | Biblioteca Prof. Eusebio Cleto del Rey | 07/04/2026 | 658.5 V924 3ed. | L85435 | 07/04/2026 | 07/04/2026 | Libro |